Best Michael Jackson Songs of All time - The Year? - Statistics

General Stats
  • This quiz has been taken 1,646 times
  • The average score is 19 of 22
Answer Stats
The Song Answer % Correct
22 You are not alone - #1 (1 week) 1995
95%
21 Ben #1 (1 week) 1972
92%
15 Bad #1 (2 weeks) 1987
90%
18 Don't Stop 'Til You Get Enough #1 1979
89%
17 Dirty Diana #1 1988
89%
13 Black or White #1 (7 weeks) 1991
89%
2 Billie Jean #1 (7 weeks) 24 on Charts 1983
88%
12 The Way you Make me Feel #1 1988
88%
7 Man In The Mirror #1 1988
88%
4 Beat It #1 (3 weeks) 1983
87%
5 Rock With You 1980
85%
9 ABC #1 1970
84%
10 This Girl is Mine #2 1983
84%
14 I just Can't Stop Loving You #1 (1 week) 1987
84%
1 Say Say Say #1 (6 weeks) 22 on Charts 1983
82%
8 I Want You Back #1 1970
81%
19 Rockin' Robin #2 1972
79%
16 Got to be There #4 1971
78%
3 I'll Be There #1 (5 weeks) 1970
76%
20 Never Can Say Goodbye #2 1971
76%
6 Dancing Machine #2 1974
73%
11 The Love You Save/I f Found that Girl #1 1970
72%
No matching quizzes found
Score Distribution
Percent of People with Each Score
Percentile by Number Answered
Your Score History
You have not taken this quiz